000 00404nam a22001337a 4500
003 SGT
020 _a9789385436178
082 _a920
_bS15D
100 _aदेव, संदीप
245 _a स्वामी रामदेव : एक योगी - एक योद्धा
260 _bब्लूम्सबैरी पब्लिशिंग
_c2015
300 _a237
942 _2ddc
_cBK
999 _c31852
_d31852